000
00319pab a2200121 454500
008
180718b xxu||||| |||| 00| 0 eng d
100
_a
Karan, Singh
245
_a
Communal problems in Rajasthan
650
_a
Communalism
650
_a
Communalism - India - Rajasthan
773
_a
Political Science Review
909
_a
22048
999
_c
22048
_d
22048